| 000 | 00751nam a2200205 i 4500 | ||
|---|---|---|---|
| 001 | 181956 | ||
| 003 | ES-MaACL | ||
| 005 | 20231020120250.0 | ||
| 008 | 130509s2012 sp | |||||||| | spa d | ||
| 020 | _a978-84-615-7899-3 | ||
| 080 | _a821.134.2-31"19" | ||
| 100 | 1 |
_aCarretero Miramar, José Luis. _9139590 |
|
| 245 | 1 | 0 |
_aPalabra de abogado / _cJosé Luis Carretero Miramar. |
| 260 |
_aMadrid : _bConfederación Sindical Solidaridad Obrera, _c2012. |
||
| 300 |
_a109 p. ; _c18 cm. |
||
| 852 |
_aES-MaACL _jA-12647 _9188865 _bR.148835 _cDEPO1 _dOlim: N-5648 _xDonación: José Luis Carretero Miramar _zDedicatoria autógrafa del autor |
||
| 903 |
_9139590 _aCarretero Miramar, José Luis _ednr |
||
| 942 |
_2udc _cMONOGRAFIA |
||
| 999 |
_c181956 _d181956 |
||